| 000 | 00775nam a2200205 4500 | ||
|---|---|---|---|
| 001 | 116626 | ||
| 003 | ES-MaACL | ||
| 005 | 20250905163547.0 | ||
| 007 | t| | ||
| 008 | 061121s1950 sp r ||||1| spa d | ||
| 100 | 1 |
_aPartington, J. Riddick. _989292 |
|
| 245 | 1 | 0 |
_aQuímica general e inorgánica para estudiantes universitarios / _cpor J. R. Partington ; versión castellana de la 4ª edición inglesa por I. Ruiz Alvarez ; revisada po Mª Teresa Toral y A. Flores de Lemus. |
| 260 |
_aMadrid : _bTecnos, _c1950. |
||
| 300 |
_aXXXII, 1124 p. : _bil ; _c21 cm. |
||
| 700 | 1 |
_aRuiz Alvarez, I. _9100650 |
|
| 700 | 1 |
_aToral, María Teresa, _d1911-1994 _9110608 |
|
| 700 | 1 |
_aFlores de Lemus, A. _951276 |
|
| 852 |
_aES-MaACL _jD-5320 _bR.30887 |
||
| 999 |
_c116626 _d116626 |
||